000 01476nam0a22003011 4500
001 rc\3347257
005 20260406113037.0
021 _aRU
_b[74-61941]
035 _a(NLR Aleph) 007519840
090 _a7721799
_c7721799
100 _a20130115d1974 |||y0rusy50 ca
101 0 _arus
102 _aRU
105 _ay c |||||
200 1 _aТурбинное бурение
_eРек. указ. литературы
_f[Ред.-сост. М.А. Смирнова, А.М. Федоров, Е.Ю. Дубинская]
_gМ-во геологии СССР. [Всесоюз. науч.-исслед. ин-т экономики минер. сырья и геол.-развед. работ "ВИЭМС". Отраслевой центр науч.-техн. информации "ОЦНТИ"]
210 _aМосква
_cВИЭМС
_d1974
215 _a27 с.
_d20
225 1 _aБиблиографическая информация
606 _aБурение турбинное
_jУказатели литературы
_2psbo
702 1 _aФедоров
_bА.М.
_4340
_4220
702 1 _aДубинская
_bЕ.Ю.
_4340
_4220
702 1 _aСмирнова
_bМ.А.
_4340
_4220
712 0 2 _aВсероссийский НИИ экономики минерального сырья и геологоразведочных работ
_3RU\NLR\AUTH\888990
_9290480
801 0 _aRU
_bNLR
_gpsbo
801 1 _aRU
_bELAR
_2rusmarc
852 _aNLR
_jС335-660/Т86
942 _cBOOK
980 _aNB